000 00527nam a22002057a 4500
003 OSt
005 20140704143701.0
008 140704b xxu||||| |||| 00| 0 eng d
020 _a9780702031359
040 _cDNLM
082 _aWW100 K134c 2009
_bK
100 _aKanski, Jack J.
_9337
245 _aClinical ophthalmology:
_ba synopsis.
250 _a2nd ed.
260 _aUS:
_bButterworth
_c2009
300 _axviii,540 p;
_bcol.ill
_c19cm
504 _aIndex included.
650 _aOphthalmology
_9338
942 _2z
_cO_SHELF
999 _c125
_d125